000 00461nam a22001937a 4500
003 LK-CoDNM
005 20250116131454.0
008 250116b |||||||| |||| 00| 0 eng d
040 _aLK-CoDNM
_dLK-CoDNM
_eLK-CoDNM
041 _aeng
080 _a10
_bP13
100 _aMurdoch James
245 _aA History Of Japan
260 _aLondon
_bTrubner & Co.,
_c1925
300 _a667p. ; map ; 21 cm
490 _vVol. 1
650 _aScience
942 _cBK
999 _c236524
_d236524